000 00358nam a2200145Ia 4500
008 230917s9999||||xx |||||||||||||| ||und||
040 _e198638
_aMAIN
041 _aEnglish
082 _a658.3 M179H
100 _aMcGuire, David
245 0 _aHuman resource development
260 _aNew Delhi
_bSage Publications
_c2011
300 _a241 p.
942 _cBK
999 _c162820
_d162820